000 00702nam a2200289Ia 4500
005 20260324145644.0
008 008 260324s9999 xx 000 0 eng d
020 _a9781003440666
037 _aEBOOK
040 _aCRL
040 _beng
040 _cCRL
041 _2eng
041 _aeng
084 _qCRL
100 _aEmanuel B. Quint; Neil S. Hecht
_91220777
245 0 _aJewish Jurisprudence
245 0 _bIts Sources and Modern Applications, Volume 1
260 _bTaylor and Francis
260 _c1980
365 _a
365 _b160
856 _uhttp://www.taylorfrancis.com/books/9781003440666
942 _cEBOOK
999 _c1831939
_d1831939